01522cam a2200361 a 45000010008000000030009000080050017000170080041000340200018000750400038000930410013001310820021001441000058001652400020002232450069002432640048003123000024003603360026003843370028004103380027004384900037004655050219005025460061007216000083007826500010008656510010008756530018008856550024009037000046009279420012009739990017009859520158010023526590EG-ScBUE20220321134459.0960820s1998 nyu f 000 1 eng d a9780060928759 aDLCbengerdacDLCdDLCdEG-ScBUE1 aenghrus04a891.723222bCHE1 aChekhov, Anton Pavlovich,d1860-1904,eauthor.92984010aPlays.lEnglish14aThe plays of Anton Chekhov /ca new translation by Paul Schmidt. 1aNew York :bHarper Perennial Modern,c1998. a387 pages ;c25 cm. 2rdacontentatextbtxt 2rdamediaaunmediatedbn 2rdacarrieravolumebnc0 aHarper Perennial Modern classics0 aSwan song -- The bear -- The proposal -- Ivanov -- The seagull -- A reluctant tragic hero -- The wedding reception -- The festivities -- Uncle Vanya -- Three sisters -- The dangers of tobacco -- The cherry orchard. aText in English ; translated from the original Russian. 17aChekhov, Anton Pavlovich,d1860-1904xTranslations into English.2BUEsh929841 2BUEsh 2BUEsh cMay2012bGGEN vReading book9342321 aSchmidt, Paul,d1934-etranslator.929842 2ddccBB c16713d16713 00102ddc40708BaccahaMAINbMAINc2NDd2012-05-06epurchaseg107.00h15016l1o891.723 CHEp000026749r2025-07-15 00:00:00s2012-10-14w2012-05-06yBB